[Event "Linares"]
[Site "Linares"]
[Date "1989.??.??"]
[Round "?"]
[White "Portisch, Lajos"]
[Black "Short, Nigel D"]
[Result "1/2-1/2"]
[WhiteElo "2610"]
[BlackElo "2650"]
[PlyCount "129"]
[EventDate "1989.01.??"]
[Source "ChessBase"]

1. d4 e6 2. c4 f5 3. g3 Nf6 4. Bg2 d5 5. Nf3 Be7 6. O-O O-O 7. Nc3 c6 8. Bg5 h6 9. Bxf6 Bxf6 10. Qd3 Bd7 11. Rac1 Na6 12. a3 Nc7 13. Rfd1 Qe7 14. e3 Rad8 15. Ne2 Be8 16. Qb3 Na8 17. Nf4 Nb6 18. c5 Nc8 19. Ne5 Bxe5 20. dxe5 g5 21. Ne2 Rd7 22. Nd4 g4 23. Qc3 Bf7 24. Ne2 Qg5 25. Nf4 Ne7 26. e4 fxe4 27. Bxe4 Kh8 28. Bb1 Bg8 29. Qd4 Nf5 30. Bxf5 Rxf5 31. Rf1 Rg7 32. Rce1 Qe7 33. Ng2 Rf8 34. Re3 Bh7 35. f3 h5 36. Nf4 Rg5 37. Rf2 Rfg8 38. Kf1 Bf5 39. Ke1 Qh7 40. Kd2 h4 41. gxh4 Qxh4 42. Rb3 Qh7 43. Re3 R8g7 44. Kc3 Kg8 45. Kb3 b5 46. fxg4 Rxg4 47. Ref3 a5 48. Qd2 a4+ 49. Ka2 Bb1+ 50. Ka1 Rg1 51. Rf1 Be4 52. R3f2 Qxh2 53. Qe1 Rxf1 54. Rxf1 Qh6 55. Ne2 Bd3 56. Rh1 Qg5 57. Nd4 Qg4 58. Nxc6 Be4 59. Rf1 d4 60. Nb4 d3 61. c6 Qe2 62. Ka2 Qxe1 63. Rxe1 Bf3 64. Nxd3 Bxc6 65. Nb4 1/2-1/2

[Event "Bor"]
[Site "?"]
[Date "1986.??.??"]
[Round "?"]
[White "Eingorn, V."]
[Black "Abramovic, B."]
[Result "1/2-1/2"]
[WhiteElo "2570"]
[BlackElo "2445"]
[PlyCount "76"]
[EventDate "1986.??.??"]
[Source "ChessBase"]
[SourceDate "1986.07.01"]

1. d4 e6 2. c4 f5 3. g3 Nf6 4. Bg2 Be7 5. Nf3 O-O 6. O-O c6 7. Nc3 d5 8. Bg5 Nbd7 9. e3 h6 10. Bxf6 Bxf6 11. cxd5 exd5 12. Ne2 a5 13. Nf4 Qe8 14. Qc2 g6 15. Nd3 Qe7 16. b3 Kg7 17. a3 Nb6 18. Nfe5 Be6 19. Qc5 Nc8 20. Qxe7+ Nxe7 21. b4 Bxe5 22. Nxe5 Nc8 23. Rfc1 Nd6 24. Bf1 Rfc8 25. Rab1 axb4 26. axb4 Nf7 27. Nxf7 Kxf7 28. b5 Bd7 29. bxc6 bxc6 30. Rb2 Ke7 31. Kg2 Kd6 32. Be2 Rcb8 33. Rxb8 Rxb8 34. Ra1 Rb2 35. Bf3 Rb8 36. h3 Rf8 37. Be2 g5 38. Bd3 Rb8 1/2-1/2

[Event "Oberliga Ost-B 0102"]
[Site "?"]
[Date "2001.11.10"]
[Round "2.1"]
[White "Ragozin Evgeni"]
[Black "Galdunts Sergey"]
[Result "1-0"]
[WhiteElo "2429"]
[BlackElo "2514"]
[PlyCount "99"]
[EventDate "2001.??.??"]
[Source "www.chesslib.no"]
[SourceDate "2004.05.04"]

1. c4 e6 2. Nc3 f5 3. d4 Nf6 4. Nf3 Be7 5. g3 d5 6. Bg2 O-O 7. O-O c6 8. b3 Qe8 9. Bb2 Nbd7 10. e3 Ng4 11. Ne2 g5 12. Ne5 Ndf6 13. Nc1 b6 14. Ncd3 Bb7 15. Rc1 Rd8 16. Qc2 Qh5 17. h3 Nxe5 18. Nxe5 Rc8 19. Qd1 Qh6 20. cxd5 exd5 21. Qe2 Ne4 22. Rc2 Rc7 23. Rfc1 Rfc8 24. g4 Qe6 25. gxf5 Qxf5 26. Qg4 Qxg4 27. hxg4 Nf6 28. Bf1 Bd6 29. Bd3 c5 30. Bf5 Re8 31. Nf3 Ne4 32. dxc5 bxc5 33. Nd4 Rce7 34. Nb5 Bb8 35. Nc3 Nd6 36. Na4 Nxf5 37. gxf5 c4 38. Bd4 Bc8 39. f6 Re4 40. bxc4 Rg4+ 41. Kf1 dxc4 42. Nc5 Bd6 43. f3 Rg3 44. Rf2 Bxc5 45. Bxc5 Ba6 46. Rc3 Rb8 47. e4 Kf7 48. Rh2 Rb1+ 49. Kf2 Rbg1 50. Rxh7+ 1-0

[Event "Vrnjacka Banja"]
[Site "Vrnjacka Banja"]
[Date "1984.??.??"]
[Round "?"]
[White "Adamski, Jan"]
[Black "Vaisser, Anatoli"]
[Result "1/2-1/2"]
[WhiteElo "2460"]
[BlackElo "2475"]
[PlyCount "53"]
[EventDate "1984.04.??"]
[Source "ChessBase"]

1. d4 e6 2. g3 f5 3. Bg2 Nf6 4. Nf3 Be7 5. c4 O-O 6. Nc3 d5 7. O-O c6 8. Bg5 Nbd7 9. e3 b6 10. cxd5 cxd5 11. Qa4 Bb7 12. Ne2 Bd6 13. Bf4 Qe7 14. Bxd6 Qxd6 15. Nf4 Rfc8 16. Rfc1 a5 17. Qa3 Qxa3 18. bxa3 Nf8 19. Ng5 Rxc1+ 20. Rxc1 Rc8 21. Rb1 Rc6 22. Bf1 Bc8 23. Nf3 Ne4 24. Ne5 Rd6 25. Rc1 Bd7 26. Rc7 Nf6 27. h4 1/2-1/2

[Event "SWE Ch"]
[Site "Malmo SWE"]
[Date "1986.??.??"]
[Round "?"]
[White "Schneider, Lars-Ake"]
[Black "Renman, Nils-Gustaf"]
[Result "0-1"]
[WhiteElo "2430"]
[BlackElo "2460"]
[PlyCount "102"]
[EventDate "1986.07.??"]
[Source "www.chesslib.no"]
[SourceDate "2004.05.04"]

1. c4 e6 2. Nf3 f5 3. g3 Nf6 4. Bg2 Be7 5. O-O O-O 6. Nc3 d5 7. d4 c6 8. Ne5 Nbd7 9. cxd5 exd5 10. Nd3 Ne4 11. f3 Nd6 12. b3 Nf6 13. a4 Nf7 14. Kh1 Bd6 15. e4 fxe4 16. fxe4 Bg4 17. Qc2 dxe4 18. Nxe4 Nxe4 19. Bxe4 h6 20. Nf4 Bxf4 21. Rxf4 Be6 22. Ba3 Nd6 23. Rxf8+ Qxf8 24. Bg2 Rd8 25. Rf1 Qe8 26. Bc5 a6 27. b4 Qh5 28. Bxd6 Rxd6 29. Qc5 Qxc5 30. dxc5 Rd4 31. Rb1 Bf5 32. Rf1 Bc2 33. b5 Bxa4 34. bxc6 bxc6 35. h4 Bb5 36. Re1 Rc4 37. Re5 Rc1+ 38. Kh2 a5 39. Bh3 Kf7 40. Bd7 a4 41. g4 g5 42. hxg5 hxg5 43. Be8+ Kf6 44. Rf5+ Ke7 45. Re5+ Kf8 46. Bh5 a3 47. Re8+ Kg7 48. Ra8 Rc2+ 49. Kg3 a2 50. Ra7+ Kf6 51. Bf7 a1=Q 0-1

[Event "ESP Ch"]
[Site "Canete"]
[Date "1994.??.??"]
[Round "?"]
[White "Alvarez Ibarra, Rafael"]
[Black "Romero Holmes, Alfonso"]
[Result "1/2-1/2"]
[WhiteElo "2435"]
[BlackElo "2455"]
[PlyCount "25"]
[EventDate "1994.??.??"]
[Source "www.chesslib.no"]
[SourceDate "2004.05.04"]

1. d4 e6 2. c4 f5 3. g3 Nf6 4. Bg2 Be7 5. Nf3 d5 6. O-O O-O 7. Nc3 c6 8. Bf4 Bd7 9. Qb3 Qb6 10. c5 Qxb3 11. axb3 Na6 12. Ra4 h6 13. Rfa1 1/2-1/2

[Event "Oslo"]
[Site "Oslo"]
[Date "1986.??.??"]
[Round "?"]
[White "Ingbrandt, Johan"]
[Black "Karlsson, Lars"]
[Result "0-1"]
[WhiteElo "2365"]
[BlackElo "2520"]
[PlyCount "82"]
[EventDate "1986.03.??"]
[Source "ChessBase"]

1. d4 e6 2. c4 f5 3. g3 Nf6 4. Bg2 d5 5. Nf3 Be7 6. O-O O-O 7. Nc3 c6 8. Qc2 Ne4 9. b3 Nd7 10. Bb2 Qe8 11. Ne1 Qh5 12. Nd3 g5 13. e3 Bd6 14. Qd1 Qg6 15. Ne2 h5 16. f3 Nef6 17. Ne5 Qh6 18. Qe1 a5 19. Bc3 Bc7 20. h4 gxh4 21. Nf4 Nxe5 22. dxe5 Nd7 23. gxh4 Bxe5 24. Bxe5 Nxe5 25. Kh1 Bd7 26. Rg1 Kh7 27. Qc3 Ng6 28. Nxg6 Qxg6 29. Bh3 Qf6 30. Qxf6 Rxf6 31. Rg5 Be8 32. cxd5 cxd5 33. Rc1 Bc6 34. Kh2 Kh6 35. Kg3 Re8 36. Rc5 Rg6 37. Kf4 e5+ 38. Kg3 Rxg5+ 39. hxg5+ Kxg5 40. Rxa5 h4+ 41. Kf2 f4 0-1

[Event "SWE-chT 0102"]
[Site "?"]
[Date "2001.10.12"]
[Round "1"]
[White "Vernersson Per"]
[Black "Karlsson Lars"]
[Result "1/2-1/2"]
[WhiteElo "2395"]
[BlackElo "2478"]
[PlyCount "38"]
[EventDate "2001.??.??"]
[Source "www.chesslib.no"]
[SourceDate "2004.05.04"]

1. d4 f5 2. c4 e6 3. g3 Nf6 4. Bg2 Be7 5. Nf3 d5 6. O-O O-O 7. Nc3 c6 8. b3 b6 9. Bb2 Bb7 10. Ne5 Nbd7 11. Nd3 Bd6 12. a4 a5 13. Ba3 Bxa3 14. Rxa3 Ne4 15. Qc2 Qe7 16. Raa1 c5 17. cxd5 exd5 18. dxc5 Rac8 19. Nb5 bxc5 1/2-1/2

[Event "Danish Ch D"]
[Site "Danish Ch Ringsted D"]
[Date "1995.??.??"]
[Round "7"]
[White "Danielsen, Henrik"]
[Black "Kristiansen, Jens"]
[Result "1-0"]
[WhiteElo "2430"]
[BlackElo "2415"]
[PlyCount "91"]
[EventDate "1995.??.??"]
[Source "www.chesslib.no"]
[SourceDate "2004.05.04"]

1. d4 f5 2. g3 Nf6 3. Bg2 e6 4. Nf3 Be7 5. O-O O-O 6. c4 d5 7. Nc3 c6 8. Bg5 Ne4 9. Bxe7 Qxe7 10. e3 Nd7 11. Qb3 Kh8 12. Rfc1 b6 13. cxd5 exd5 14. Ne2 Ba6 15. Nf4 Rac8 16. h4 Qd6 17. Qd1 Rc7 18. Rc2 Bc4 19. b3 Bb5 20. Rac1 g6 21. Ne5 Nxe5 22. dxe5 Qxe5 23. a4 Ba6 24. Rxc6 Rxc6 25. Rxc6 Rc8 26. Rxc8+ Bxc8 27. Nxd5 Be6 28. Bxe4 fxe4 29. Nf4 Bf7 30. b4 Kg7 31. Kg2 h6 32. Qd7 g5 33. hxg5 hxg5 34. Ne2 Qb2 35. Qb5 Qf6 36. Nd4 g4 37. Qc6 a5 38. Qb7 Qd6 39. Qc6 Qe5 40. bxa5 Qc7 41. Qb5 Qd6 42. a6 Qf8 43. Qe2 Qc5 44. Qf3 Qe7 45. Qd1 Qc5 46. Qa1 1-0

[Event "DEN Ch"]
[Site "Ringsted"]
[Date "1995.??.??"]
[Round "7"]
[White "Danielsen, Henrik"]
[Black "Kristiansen, Jens"]
[Result "1-0"]
[WhiteElo "2430"]
[BlackElo "2415"]
[PlyCount "91"]
[EventDate "1995.??.??"]
[Source "www.chesslib.no"]
[SourceDate "2004.05.04"]

1. d4 f5 2. g3 Nf6 3. Bg2 e6 4. Nf3 Be7 5. O-O O-O 6. c4 d5 7. Nc3 c6 8. Bg5 Ne4 9. Bxe7 Qxe7 10. e3 Nd7 11. Qb3 Kh8 12. Rfc1 b6 13. cxd5 exd5 14. Ne2 Ba6 15. Nf4 Rac8 16. h4 Qd6 17. Qd1 Rc7 18. Rc2 Bc4 19. b3 Bb5 20. Rac1 g6 21. Ne5 Nxe5 22. dxe5 Qxe5 23. a4 Ba6 24. Rxc6 Rxc6 25. Rxc6 Rc8 26. Rxc8+ Bxc8 27. Nxd5 Be6 28. Bxe4 fxe4 29. Nf4 Bf7 30. b4 Kg7 31. Kg2 h6 32. Qd7 g5 33. hxg5 hxg5 34. Ne2 Qb2 35. Qb5 Qf6 36. Nd4 Kg6 37. Qc6 Qxc6 38. Nxc6 Be8 39. Nxa7 Bxa4 40. Nc8 b5 41. Nd6 Bc2 42. Nxb5 Kf6 43. Nc3 g4 44. Kf1 Ke5 45. Ke2 Bd3+ 46. Kd2 1-0

[Event "Commonwealth Ch"]
[Site "Melbourne AUS"]
[Date "1983.??.??"]
[Round "3"]
[White "Keene, Raymond D"]
[Black "Fuller, Maxwell L"]
[Result "1-0"]
[WhiteElo "2490"]
[BlackElo "2340"]
[PlyCount "53"]
[EventDate "1983.??.??"]
[Source "www.chesslib.no"]
[SourceDate "2004.05.04"]

1. d4 e6 2. c4 f5 3. Nf3 Nf6 4. g3 Be7 5. Bg2 O-O 6. O-O d5 7. Nc3 c6 8. b3 Ne4 9. Bb2 Qe8 10. e3 Qh5 11. Ne2 g5 12. Ne5 Nd7 13. f3 Nd6 14. Qc2 Nf7 15. cxd5 exd5 16. g4 Qh4 17. gxf5 Bd6 18. f4 Nf6 19. Ng3 Nxe5 20. dxe5 Ng4 21. Bxd5+ cxd5 22. exd6 Bxf5 23. Qd2 Rae8 24. Rf3 Be4 25. Nxe4 dxe4 26. d7 Rd8 27. Rh3 1-0

[Event "London P&D Knights"]
[Site "London"]
[Date "1984.??.??"]
[Round "14"]
[White "Johansen, Darryl K"]
[Black "Cox, John J"]
[Result "1/2-1/2"]
[WhiteElo "2475"]
[BlackElo "2350"]
[PlyCount "91"]
[EventDate "1984.04.??"]
[Source "www.chesslib.no"]
[SourceDate "2004.05.04"]

1. Nf3 f5 2. g3 Nf6 3. Bg2 e6 4. O-O Be7 5. c4 O-O 6. Nc3 c6 7. d4 d5 8. b3 Bd7 9. Bb2 Be8 10. Ne5 Nbd7 11. Nd3 g5 12. e3 Ne4 13. Ne2 Bh5 14. Qc2 b5 15. cxd5 cxd5 16. f3 Rc8 17. Qd1 Nef6 18. Qd2 g4 19. fxg4 Nxg4 20. Nef4 Bf7 21. Rac1 Qb6 22. h3 Ngf6 23. Nc5 Nxc5 24. dxc5 Rxc5 25. Bd4 Rfc8 26. Rxc5 Bxc5 27. Rc1 e5 28. Kh2 exd4 29. exd4 Rc7 30. dxc5 Rxc5 31. Rd1 Ne4 32. Qe3 Qc6 33. Ne2 Qc7 34. Rf1 Bg6 35. Qd4 Rc2 36. Qxd5+ Qf7 37. Qxb5 Qc7 38. Qd5+ Kg7 39. Nf4 Qc3 40. Nd3 Qd2 41. Qe5+ Kh6 42. Nf4 Qe3 43. Nd5 Qd2 44. Nf4 Qe3 45. Nd5 Qd2 46. Nf4 1/2-1/2

[Event "Hastings Challengers 9192"]
[Site "Hastings"]
[Date "1991.??.??"]
[Round "?"]
[White "Arkell, Keith C"]
[Black "Roos, Louis"]
[Result "1-0"]
[WhiteElo "2455"]
[BlackElo "2360"]
[PlyCount "78"]
[EventDate "1991.12.??"]
[Source "ChessBase"]

1. d4 e6 2. c4 f5 3. g3 Nf6 4. Bg2 Be7 5. Nc3 d5 6. Nf3 c6 7. O-O O-O 8. b3 Qe8 9. a4 Ne4 10. Qc2 Nd7 11. Ba3 Bxa3 12. Rxa3 Qh5 13. b4 Rf6 14. b5 Rh6 15. h4 Nd6 16. bxc6 bxc6 17. cxd5 exd5 18. Ng5 Nf6 19. Qc1 Qg4 20. Rd1 Qh5 21. Rb3 Nfe4 22. Ncxe4 Nxe4 23. Bf3 Qe8 24. Qf4 Nd6 25. Rdb1 Bd7 26. Qe5 Rf6 27. Qxe8+ Rxe8 28. Nh3 h6 29. h5 Ne4 30. Rb7 Nd2 31. Rc1 Bc8 32. Rxa7 Rf7 33. Rxf7 Kxf7 34. Rxc6 Nxf3+ 35. exf3 Bd7 36. Rd6 Re1+ 37. Kg2 Bxa4 38. Rxd5 Bc2 39. Nf4 Re7 1-0

[Event "CZE Team Ch"]
[Site "Czech Republic"]
[Date "1993.??.??"]
[Round "?"]
[White "Vokac, Marek"]
[Black "Zpevak, Pavel"]
[Result "1/2-1/2"]
[WhiteElo "2465"]
[BlackElo "2330"]
[PlyCount "100"]
[EventDate "1993.??.??"]
[Source "www.chesslib.no"]
[SourceDate "2004.05.04"]

1. d4 d5 2. c4 e6 3. Nc3 c6 4. Nf3 f5 5. g3 Nf6 6. Bg2 Be7 7. O-O O-O 8. Ne5 Nbd7 9. cxd5 exd5 10. Nd3 Ne4 11. f3 Nxc3 12. bxc3 Nf6 13. Bf4 Be6 14. Qd2 Rc8 15. a4 b6 16. a5 b5 17. Nc5 Bxc5 18. dxc5 Re8 19. Rae1 Bf7 20. Bd6 Bg6 21. Bh3 Ra8 22. a6 Qc8 23. Qf4 Qxa6 24. Bxf5 Bxf5 25. Qxf5 Qc8 26. Qd3 Qe6 27. e4 dxe4 28. fxe4 a5 29. e5 Nd5 30. Rf2 a4 31. Ref1 h6 32. c4 bxc4 33. Qxc4 a3 34. Ra1 Ra7 35. Qb3 Nf4 36. Rf3 Ne2+ 37. Kf2 Nd4 38. Qxe6+ Rxe6 39. Rfxa3 Rf7+ 40. Kg2 Nc2 41. Ra8+ Kh7 42. Rc1 Ne3+ 43. Kg1 Ng4 44. Re1 Rf5 45. Ra4 Nxe5 46. Kh1 Rh5 47. Rh4 Rf5 48. Rhe4 Rxd6 49. cxd6 Nd3 50. R1e2 Nf2+ 1/2-1/2

[Event "South Wales 1st"]
[Site "Newport"]
[Date "1998.??.??"]
[Round "1"]
[White "Panczyk, Krzysztof"]
[Black "Houska, Miroslav"]
[Result "1/2-1/2"]
[WhiteElo "2390"]
[BlackElo "2385"]
[PlyCount "21"]
[EventDate "1998.??.??"]
[Source "www.chesslib.no"]
[SourceDate "2004.05.04"]

1. d4 f5 2. Nf3 Nf6 3. g3 e6 4. Bg2 d5 5. O-O Be7 6. c4 c6 7. Nc3 O-O 8. b3 Ne4 9. Bb2 Nd7 10. Rc1 Qe8 11. e3 1/2-1/2

[Event "JUG Team Ch"]
[Site "Cetinje"]
[Date "1993.??.??"]
[Round "1"]
[White "Todorovic, Goran N"]
[Black "Notaros, Krasoje"]
[Result "0-1"]
[WhiteElo "2410"]
[BlackElo "2355"]
[PlyCount "80"]
[EventDate "1993.??.??"]
[Source "www.chesslib.no"]
[SourceDate "2004.05.04"]

1. c4 f5 2. Nc3 Nf6 3. d4 e6 4. g3 Be7 5. Bg2 O-O 6. Nf3 d5 7. O-O c6 8. Bg5 Bd7 9. Qb3 Qb6 10. c5 Qa6 11. Qc2 b6 12. b4 Qc4 13. Qb3 a5 14. Qxc4 dxc4 15. Na4 b5 16. Nb6 Ra7 17. a3 Rd8 18. Ne5 Be8 19. e3 h6 20. Bxf6 gxf6 21. Nf3 Nd7 22. Nxd7 Bxd7 23. Nh4 Rda8 24. Rab1 axb4 25. axb4 Ra3 26. Rfd1 R8a4 27. e4 fxe4 28. Bxe4 Kg7 29. Bc2 Ra6 30. Re1 Bd8 31. Ng2 Rc3 32. Rb2 Bc7 33. Ne3 Kf7 34. f4 f5 35. g4 Bxf4 36. Nd1 Bc1 37. Nxc3 Bxb2 38. Ne2 e5 39. dxe5 Bxe5 40. Kf2 Bxh2 0-1

[Event "Moscow ol (Men)"]
[Site "Moscow"]
[Date "1994.??.??"]
[Round "5"]
[White "Ramos, Domingo"]
[Black "Seitaj, Ilir"]
[Result "1-0"]
[WhiteElo "2335"]
[BlackElo "2420"]
[PlyCount "89"]
[EventDate "1994.11.??"]
[Source "ChessBase"]

1. Nf3 d5 2. d4 c6 3. c4 e6 4. Nc3 f5 5. g3 Nf6 6. Bg2 Be7 7. O-O O-O 8. b3 Kh8 9. Ne5 Nbd7 10. Bf4 Qe8 11. Rc1 Rg8 12. cxd5 exd5 13. Nxd7 Bxd7 14. Na4 Ne4 15. f3 Ng5 16. Nc5 Bc8 17. Nd3 Nf7 18. Be5 Nxe5 19. Nxe5 g5 20. e4 Be6 21. Bh3 Qc8 22. Qc2 f4 23. Bxe6 Qxe6 24. exd5 Qxd5 25. Qc4 Qxc4 26. bxc4 fxg3 27. hxg3 Bf6 28. Rfe1 Rg7 29. Re4 Rd8 30. Kf2 h5 31. Rd1 Kg8 32. d5 Re7 33. f4 h4 34. Ng4 hxg3+ 35. Kf3 Kf7 36. Nxf6 Kxf6 37. fxg5+ Kf7 38. Rxe7+ Kxe7 39. Kxg3 b5 40. Re1+ Kd7 41. dxc6+ Kxc6 42. cxb5+ Kxb5 43. Kf4 Rd2 44. g6 Rxa2 45. g7 1-0

[Event "III Comunic"]
[Site "Sao Paulo"]
[Date "2003.??.??"]
[Round "4"]
[White "Soppe, Guillermo"]
[Black "Lebredo, Gerardo"]
[Result "1/2-1/2"]
[WhiteElo "2435"]
[BlackElo "2317"]
[PlyCount "63"]
[EventDate "2003.10.30"]
[Source "Roberto Alvarez"]
[SourceDate "2003.11.10"]

1. Nf3 e6 2. c4 f5 3. g3 Nf6 4. Bg2 Be7 5. O-O O-O 6. Nc3 d5 7. d4 c6 8. Bg5 Ne4 9. Bxe7 Qxe7 10. Qc2 Nd7 11. Rab1 b6 12. b4 Bb7 13. Rfc1 Rfc8 14. c5 Ba6 15. Bf1 Qf6 16. Na4 Ng5 17. Ne5 Nxe5 18. dxe5 Qd8 19. Qd2 Bb5 20. cxb6 axb6 21. Nxb6 Qxb6 22. Qxg5 Qd4 23. Qf4 Qxf4 24. gxf4 Rxa2 25. e3 Bxf1 26. Kxf1 Ra4 27. Rc5 Kf7 28. b5 Rc4 29. Rxc4 dxc4 30. b6 c3 31. Ke2 c2 32. Rc1 1/2-1/2

[Event "Barcelona UGA"]
[Site "Barcelona"]
[Date "1994.??.??"]
[Round "10"]
[White "Gallego, Victoriano"]
[Black "Rivera, Daniel"]
[Result "1/2-1/2"]
[WhiteElo "2360"]
[BlackElo "2375"]
[PlyCount "31"]
[EventDate "1994.??.??"]
[Source "www.chesslib.no"]
[SourceDate "2004.05.04"]

1. d4 e6 2. c4 f5 3. g3 Nf6 4. Bg2 c6 5. Nf3 d5 6. O-O Be7 7. Nc3 O-O 8. b3 Bd7 9. Bb2 Be8 10. Ne5 Nbd7 11. Nd3 Ng4 12. e3 Bd6 13. cxd5 exd5 14. Qd2 Qe7 15. Rfe1 Qg5 16. f4 1/2-1/2

[Event "70 ch-BRA"]
[Site "Rio de Janeiro"]
[Date "2004.03.03"]
[Round "9"]
[White "Teixeira, Ricardo da Silva"]
[Black "Toth, Christian Endre"]
[Result "1/2-1/2"]
[WhiteElo "2368"]
[BlackElo "2344"]
[PlyCount "75"]
[EventDate "2004.02.26"]
[Source "Roberto Alvarez"]
[SourceDate "2004.03.08"]

1. d4 e6 2. c4 f5 3. Nf3 Nf6 4. Nc3 Be7 5. g3 O-O 6. Bg2 d5 7. O-O c6 8. b3 Ne4 9. Nxe4 fxe4 10. Ne5 Nd7 11. Nxd7 Bxd7 12. f3 exf3 13. Bxf3 Be8 14. Bb2 Bg6 15. e3 Bf6 16. Qe2 Qd7 17. Rad1 Rad8 18. Rd2 Kh8 19. e4 Bg5 20. Rdd1 dxe4 21. Bxe4 Rxf1+ 22. Kxf1 Bxe4 23. Qxe4 Bf6 24. Re1 Re8 25. Re2 b5 26. Kg2 h6 27. Kf3 bxc4 28. bxc4 Rb8 29. Bc3 c5 30. Qxe6 Qxe6 31. Rxe6 cxd4 32. Be1 Rc8 33. Ra6 Rxc4 34. Rxa7 Rc1 35. Bf2 Rc2 36. h4 d3 37. Rd7 d2 38. Be3 1/2-1/2

[Event "Suetin mem"]
[Site "Tula"]
[Date "2002.03.23"]
[Round "1"]
[White "Skatchkov, Pavel"]
[Black "Kuzin, Anton"]
[Result "1/2-1/2"]
[WhiteElo "2464"]
[BlackElo "2244"]
[PlyCount "69"]
[EventDate "2002.03.23"]
[Source "ChessBase"]
[SourceDate "2002.05.03"]

1. d4 f5 2. g3 Nf6 3. Bg2 e6 4. c4 d5 5. Nc3 c6 6. Nf3 Be7 7. O-O O-O 8. Bf4 Bd7 9. Qb3 Qb6 10. Rfd1 Be8 11. c5 Qxb3 12. axb3 Nbd7 13. Ng5 Bf7 14. Nxf7 Kxf7 15. f3 h6 16. b4 g5 17. Be3 a6 18. b3 Rae8 19. Rf1 Bd8 20. Rae1 Bc7 21. Bd2 e5 22. dxe5 Nxe5 23. f4 gxf4 24. Rxf4 Kg6 25. Ref1 Nh5 26. Rd4 Ng4 27. Bf3 Be5 28. Rd3 Bg7 29. Bf4 Nxf4 30. gxf4 Ne3 31. Rc1 Bf6 32. Nd1 Nxd1 33. Rcxd1 Re7 34. Kh1 Bh4 35. Rg1+ 1/2-1/2

[Event "FRG-ch"]
[Site "Oberursel"]
[Date "1972.??.??"]
[Round "?"]
[White "Kunsztowicz, Uwe"]
[Black "Heil, Siegfried"]
[Result "1-0"]
[WhiteElo "2315"]
[BlackElo "2390"]
[PlyCount "70"]
[EventDate "1972.??.??"]
[Source "www.chesslib.no"]
[SourceDate "2004.05.04"]

1. d4 e6 2. c4 f5 3. g3 Nf6 4. Bg2 Be7 5. Nf3 O-O 6. O-O d5 7. Nc3 c6 8. b3 Ne4 9. Bb2 Bf6 10. e3 b6 11. Ne2 a5 12. a3 Ba6 13. Qc2 a4 14. bxa4 Bxc4 15. Rfd1 Bxe2 16. Qxe2 Rf7 17. Ne5 Rfa7 18. f3 Nd6 19. Qc2 Rxa4 20. Bf1 Qc7 21. e4 fxe4 22. fxe4 Nxe4 23. Bb5 R4a5 24. Bd3 c5 25. Bxe4 dxe4 26. Ng4 Be7 27. Qxe4 Nc6 28. Qxe6+ Kh8 29. Nh6 Qc8 30. Qc4 Ra4 31. Qd5 gxh6 32. dxc5+ Nd4 33. Bxd4+ Rxd4 34. Qxd4+ Kg8 35. Qd5+ Kh8 1-0

[Event "Barcelona"]
[Site "?"]
[Date "1985.??.??"]
[Round "?"]
[White "Cramling, D."]
[Black "Pisa"]
[Result "1-0"]
[WhiteElo "2400"]
[BlackElo "2295"]
[PlyCount "119"]
[EventDate "1985.??.??"]
[Source "www.chesslib.no"]
[SourceDate "2004.05.04"]

1. c4 e6 2. Nc3 f5 3. g3 Nf6 4. Bg2 d5 5. d4 Be7 6. Nf3 O-O 7. O-O c6 8. b3 Qe8 9. e3 Nbd7 10. Ne2 Ne4 11. Nf4 Rf6 12. Nd3 g5 13. Nfe1 Rh6 14. Bb2 Bd6 15. Ne5 g4 16. N1d3 Ndf6 17. Nf4 Nh5 18. Bxe4 Nxf4 19. exf4 dxe4 20. d5 Be7 21. Qd4 Bf6 22. dxc6 bxc6 23. h4 gxh3 24. Kh2 Rg6 25. Rad1 Rg7 26. Qe3 h5 27. Nxc6 Bxb2 28. Rd8 Qxd8 29. Nxd8 Rc7 30. Qd2 Bf6 31. Qd6 Rd7 32. Qxe6+ Kg7 33. Qc6 Rb8 34. Ne6+ Kf7 35. Ng5+ Kg6 36. Nxh3 Rd2 37. Qc7 Ra8 38. Ng5 Bd7 39. Kg1 h4 40. Qa5 Rd3 41. g4 e3 42. fxe3 Re8 43. gxf5+ Bxf5 44. Kh1 Rexe3 45. Rg1 Rg3 46. Rxg3 hxg3 47. Qe1 Bxg5 48. Qe8+ Kf6 49. Qe5+ Kg6 50. Qe8+ Kf6 51. Qf8+ Ke6 52. Qg8+ Kf6 53. Qxg5+ Ke6 54. Qg8+ Kf6 55. Qf8+ Kg6 56. Qe7 Bd7 57. Kg1 Rd1+ 58. Kg2 Rd3 59. Qe2 Bf5 60. c5 1-0

[Event "France"]
[Site "?"]
[Date "2003.12.07"]
[Round "4.1"]
[White "Lazarev Vladimir"]
[Black "Capitaine Adrien"]
[Result "1-0"]
[WhiteElo "2526"]
[BlackElo "2165"]
[PlyCount "85"]
[EventDate "2003.??.??"]
[Source "www.chesslib.no"]
[SourceDate "2004.05.04"]

1. d4 f5 2. g3 Nf6 3. Bg2 e6 4. c4 Be7 5. Nf3 c6 6. O-O O-O 7. Nc3 d5 8. b3 Qe8 9. Ne5 Nbd7 10. Nd3 Ne4 11. Bb2 Bf6 12. e3 b6 13. Rc1 Bb7 14. Ne2 Rd8 15. Qc2 Be7 16. Rfd1 Bd6 17. b4 a6 18. c5 Bc7 19. f3 Ng5 20. cxb6 Bxb6 21. Kh1 Rf6 22. Nc5 Bxc5 23. bxc5 Rh6 24. h4 Qe7 25. Bc3 Rf8 26. Kg1 Nf7 27. Bd2 g5 28. e4 Qf6 29. e5 Qg7 30. Rb1 Bc8 31. hxg5 Nxg5 32. Qc1 Nh3+ 33. Bxh3 Rxh3 34. Kg2 Rh5 35. Rh1 Rxh1 36. Qxh1 Re8 37. Bh6 Qf7 38. Nf4 a5 39. Qh4 Ba6 40. Kf2 Bc4 41. Rb7 Qe7 42. Bg5 Qf7 43. Nh5 1-0

[Event "Gothenburg"]
[Site "Goteborg SWE"]
[Date "1989.??.??"]
[Round "2"]
[White "Carlhammar, Magnus"]
[Black "Kristiansen, Jens"]
[Result "0-1"]
[WhiteElo "2285"]
[BlackElo "2405"]
[PlyCount "58"]
[EventDate "1989.??.??"]
[Source "www.chesslib.no"]
[SourceDate "2004.05.04"]

1. d4 f5 2. g3 Nf6 3. Bg2 e6 4. Nf3 Be7 5. O-O O-O 6. c4 d5 7. Nc3 c6 8. Qc2 Bd7 9. Ne5 Be8 10. Bg5 Nbd7 11. f4 Nxe5 12. fxe5 Ng4 13. Bxe7 Qxe7 14. cxd5 cxd5 15. Qd2 g5 16. h3 Nh6 17. g4 Bc6 18. Bf3 Rf7 19. a3 Raf8 20. b4 fxg4 21. hxg4 Rf4 22. Rf2 Nxg4 23. Rg2 Nh6 24. b5 Be8 25. Bxd5 Bg6 26. e3 Rg4 27. Rxg4 Nxg4 28. Be4 Rf2 29. Qd3 Rf3 0-1

[Event "Pernik"]
[Site "Pernik"]
[Date "1976.??.??"]
[Round "7"]
[White "Spiridonov, Nikola"]
[Black "Pernishki, Luben"]
[Result "0-1"]
[WhiteElo "2490"]
[BlackElo "2200"]
[PlyCount "100"]
[EventDate "1976.??.??"]
[Source "www.chesslib.no"]
[SourceDate "2004.05.04"]

1. Nf3 e6 2. g3 f5 3. Bg2 Nf6 4. O-O Be7 5. c4 O-O 6. Nc3 c6 7. d4 d5 8. Bg5 Nbd7 9. Qd3 Ne4 10. Bxe7 Qxe7 11. Rab1 a5 12. e3 b6 13. Rfc1 Ba6 14. b3 Rac8 15. Qd1 b5 16. Bf1 b4 17. Na4 g5 18. Nd2 Nxd2 19. Qxd2 dxc4 20. Bxc4 Bxc4 21. Rxc4 Nf6 22. Rbc1 Qe8 23. Qe2 g4 24. Qc2 Ne4 25. Rxc6 Rd8 26. Qe2 Ng5 27. Nb2 Nf3+ 28. Kg2 Qh5 29. h4 gxh3+ 30. Kh1 Qg4 31. Nd3 Qe4 32. Rxe6 Nxd4+ 33. Rxe4 Nxe2 34. Rec4 Rxd3 35. R1c2 Rd1+ 36. Kh2 Nc3 37. Rc5 Rf1 38. Rxa5 Ne4 39. Kxh3 Rxf2 40. Rxf2 Nxf2+ 41. Kg2 Nd1 42. Kf3 Nc3 43. a3 bxa3 44. Rxa3 Kg7 45. b4 Nd5 46. Rb3 Rb8 47. b5 Rb6 48. g4 fxg4+ 49. Kxg4 Nc7 50. e4 Rxb5 0-1

[Event "Oberliga Nord O 9596"]
[Site "GER"]
[Date "1996.??.??"]
[Round "?"]
[White "Bachmann, Andreas"]
[Black "Waldmann, Hans-Joachim"]
[Result "0-1"]
[WhiteElo "2275"]
[BlackElo "2415"]
[PlyCount "87"]
[EventDate "1995.10.??"]
[Source "www.chesslib.no"]
[SourceDate "2004.05.04"]

1. d4 e6 2. g3 f5 3. Bg2 Nf6 4. Nf3 Be7 5. c4 O-O 6. O-O c6 7. Nc3 d5 8. Bg5 Nbd7 9. Qc2 Nb6 10. cxd5 exd5 11. Ne5 Be6 12. e3 Nbd7 13. Nd3 Ne4 14. Bxe7 Qxe7 15. Rac1 Rae8 16. Qa4 a6 17. Qb4 Qxb4 18. Nxb4 Re7 19. Rc2 Bf7 20. Re1 Bh5 21. f4 Rfe8 22. Nxe4 dxe4 23. Rcc1 Bf7 24. b3 a5 25. Nc2 a4 26. bxa4 Ra8 27. Rb1 Nf6 28. Rb2 Rxa4 29. Reb1 Rxa2 30. Rxa2 Bxa2 31. Ra1 Bb3 32. Nb4 Nd5 33. Nxd5 Bxd5 34. Bh3 Be6 35. Kf2 b5 36. Ra6 Rc7 37. Ke1 Kf7 38. Kd2 c5 39. Rb6 cxd4 40. exd4 Rc4 41. Rxb5 Rxd4+ 42. Ke3 Rd3+ 43. Ke2 Ra3 44. Rb2 0-1